| 000 | 00000nam##2200000za#4500 |
| 001 | 9.647307 |
| 003 | CaOODSP |
| 005 | 20250319164516 |
| 007 | ta |
| 008 | 150407|1999||||xxc||||| f|0| 0 eng|d |
| 020 | |a0-662-27750-3 |
| 040 | |aCaOODSP|beng |
| 043 | |an-cn--- |
| 086 | 1 |aH88-3/24-1999E |
| 110 | 1 |aCanada.|bHealth Canada. |bPopulation and Public Health Branch. |
| 245 | 10|aInnovations in best-practice models of continuing care for seniors |
| 260 | |aOttawa - Ontario : |bHealth Canada. |c1999. |
| 300 | |a73p. : |btables ; |c28 cm. |
| 500 | |aN.B.: Incorrect catalogue number (H88-24/1999E) printed in this publication. "This is the final report of the identification of innovation best-practice models of continuing care for seniors project. The information should be of assistance to planners, practitioners, researchers and policy makers regarding innovative best-practice models of continuing care for seniors."--Page 3. Report prepared on behalf of the Federal/Provincial/Territorial Committee (Seniors) for the Ministers Responsible for Seniors. |
| 520 | 3 |aThis is the final report of the identification of innovation best-practice models of continuing care for seniors project. The information should be of assistance to planners, practitioners, researchers and policy makers regarding innovative best-practice models of continuing care for seniors.--Page 3 |
| 563 | |aSoftcover |
| 590 | |a01-39|b2001-09-28 |
| 690 | 07|aElderly care|2gcpds |
| 690 | 07|aInnovation|2gcpds |
| 690 | 07|aSeniors|2gcpds |
| 775 | 08|tSoins de longue durée à l'intention des aînés : |w(CaOODSP)9.680732 |
| 776 | 0#|tInnovations in best-practice models of continuing care for seniors : |w(CaOODSP)9.695571 |